000 00435nam a2200181Ia 4500
001 23777
005 20260414151000.0
008 260414t2014||||xx |||||||||||||| ||spa||
041 _aESP
082 _a709
_bT49
100 _aThuillier, Jacques
_eAUT
245 0 _aTeoría general de la historia del arte
_b
260 _c2014
300 _a126 páginas :
_c17 cm.
650 _aABD
654 _aCAU
942 _cLIB
_dJUS
_fJUS
_2ddc
_n
999 _c23777
_d23777